书目信息 |
| 题名: |
基因论
|
|
| 作者: | 摩尔根 著 ;卢惠霖 译 | |
| 分册: | ||
| 出版信息: | 北京 北京大学出版社 2007.01 |
|
| 页数: | 10,15,276页 | |
| 开本: | 27cm | |
| 丛书名: | 科学素养文库 | |
| 单 册: | ||
| 中图分类: | Q343.1 | |
| 科图分类: | ||
| 主题词: | 基因--理论 | |
| 电子资源: | ||
| ISBN: | 978-7-301-09564-5 | |
| 000 | 01071oam2 2200313 450 | |
| 001 | 0120151544998 | |
| 005 | 20170418153630.20 | |
| 010 | @a978-7-301-09564-5@dCNY48.00 | |
| 100 | @a20070307e20152007em y0chiy50 ea | |
| 101 | 1 | @achi@ceng |
| 102 | @aCN@b110000 | |
| 105 | @aaf z 000yy | |
| 106 | @ar | |
| 200 | 1 | @a基因论@9ji yin lun@dThe theory of the gene@f(美)摩尔根著@g卢惠霖译@zeng |
| 205 | @a增订版@b修正版 | |
| 210 | @a北京@c北京大学出版社@d2007.01@h2015.02重印 | |
| 215 | @a10,15,276页@c图,照片@d27cm | |
| 225 | 2 | @a科学素养文库@i科学元典丛书@v18 |
| 308 | @a丛书第一辑 | |
| 330 | @a本书内容包括:遗传学基本原理、遗传粒子理论、遗传的机制、染色体与基因、突变性状的起源、同属异种中基因的位置等。 | |
| 333 | @a基因理论相关研究人员 | |
| 462 | 0 | @12001 @a科学元典丛书@v18 |
| 510 | 1 | @aTheory of the gene@zeng |
| 606 | 0 | @a基因@x理论 |
| 690 | @aQ343.1@v5 | |
| 701 | 0 | @c(美)@a摩尔根@9mo er gen@c(Morgan, Thomas Hunt@f1866-1945)@4著 |
| 702 | 0 | @a卢惠霖@9lu hui lin@4译 |
| 801 | 0 | @aCN@b人天书店@c20070307 |
| 905 | @b986709-12@dQ343.1@e66=2@f4 | |
| 基因论=The theory of the gene/(美)摩尔根著/卢惠霖译.-增订版,修正版.-北京:北京大学出版社,2007.01(2015.02重印) |
| 10,15,276页:图,照片;27cm.-(科学素养文库.科学元典丛书;18) |
| 使用对象:基因理论相关研究人员 |
| ISBN 978-7-301-09564-5:CNY48.00 |
| 本书内容包括:遗传学基本原理、遗传粒子理论、遗传的机制、染色体与基因、突变性状的起源、同属异种中基因的位置等。 |
| ● |
| 相关链接 |
|
|
|
|
正题名:基因论
索取号:Q343.1/66=2
 
预约/预借
| 序号 | 登录号 | 条形码 | 馆藏地/架位号 | 状态 | 备注 |
| 1 | 986709 | 209867090 | 第二样本阅览室/ [索取号:Q343.1/66=2] | 在馆 | |
| 2 | 986710 | 209867107 | 第三借阅区/ [索取号:Q343.1/66=2] | 在馆 | |
| 3 | 986711 | 209867116 | 第三借阅区/ [索取号:Q343.1/66=2] | 在馆 | |
| 4 | 986712 | 209867125 | 密集书库-生命科学系/ [索取号:Q343.1/66=2] | 在馆 |